Tony Award for Best Actress in a Play - Statistics

General Stats
  • This quiz has been taken 153 times
  • The average score is 20 of 70
Answer Stats
Year Actress % Correct
2014 Audra McDonald
75%
1983 Jessica Tandy
64%
1978 Jessica Tandy
64%
1990 Maggie Smith
57%
2010 Viola Davis
54%
1999 Judi Dench
50%
1954 Audrey Hepburn
46%
1992 Glenn Close
46%
1984 Glenn Close
46%
1958 Helen Hayes
46%
2016 Jessica Lange
46%
2011 Frances McDormand
43%
1977 Julie Harris
39%
1973 Julie Harris
39%
1969 Julie Harris
39%
1956 Julie Harris
39%
1952 Julie Harris
39%
2003 Vanessa Redgrave
39%
1960 Anne Bancroft
36%
1993 Madeline Kahn
36%
1985 Stockard Channing
36%
2013 Cicely Tyson
32%
1975 Ellen Burstyn
32%
2015 Helen Mirren
32%
1994 Diana Rigg
29%
2004 Phylicia Rashad
29%
1953 Shirley Booth
29%
1950 Shirley Booth
29%
1996 Zoe Caldwell
29%
1982 Zoe Caldwell
29%
1968 Zoe Caldwell
29%
1974 Colleen Dewhurst
25%
2006 Cynthia Nixon
25%
1987 Linda Lavin
25%
2001 Mary-Louise Parker
25%
1971 Maureen Stapleton
25%
1991 Mercedes Ruehl
25%
2005 Cherry Jones
21%
1995 Cherry Jones
21%
1947 Ingrid Bergman
21%
1976 Irene Worth
21%
1965 Irene Worth
21%
1981 Jane Lapotaire
21%
1988 Joan Allen
21%
1948 Judith Anderson
21%
2009 Marcia Gay Harden
21%
1962 Margaret Leighton
21%
1957 Margaret Leighton
21%
1989 Pauline Collins
18%
1980 Phyllis Frelich
18%
1966 Rosemary Harris
18%
1964 Sandy Dennis
18%
1970 Tammy Grimes
18%
1967 Beryl Reid
14%
1979 Constance Cummings
14%
1997 Janet McTeer
14%
1986 Lily Tomlin
14%
1998 Marie Mullen
14%
1972 Sada Thompson
14%
1963 Uta Hagen
14%
1951 Uta Hagen
14%
2008 Deanna Dunagan
11%
1961 Joan Plowright
11%
2007 Julie White
11%
2002 Lindsay Duncan
11%
1949 Martita Hunt
11%
1955 Nancy Kelly
11%
2012 Nina Arianda
11%
1959 Gertrude Berg
7%
2000 Jennifer Ehle
7%
No matching quizzes found
Score Distribution
Percent of People with Each Score
Percentile by Number Answered
Your Score History
You have not taken this quiz